| 000 | 01063cad a22002295a 4500 | ||
|---|---|---|---|
| 001 | E148748 | ||
| 008 | 091104s2009 xxub f s 000 0 eng d | ||
| 035 | _a(Sirsi) u148748 | ||
| 041 | 0 | _aeng | |
| 050 | 0 | 4 | _a333.33 $2 18 |
| 110 | 2 |
_aPramerica Real Estate Investors _95594 |
|
| 245 | 0 | 0 |
_aEuropean quarterly market perspective _bOctober 2009 _h[electronic resource] |
| 260 |
_aParsipanny, NJ _bPramerica Real Estate Investors _c2009 |
||
| 490 | 0 |
_aPREI European Quarterly Market Perspective _vOctober 2009 |
|
| 520 | _aReports that European economies are gradually coming out of recession, but predicts that recovery will be slow. Suggests that transaction levels remain low, as few properties are coming on to the market, and investors hold back from re-entering the market. | ||
| 521 | _aAdvanced | ||
| 590 | _aKA | ||
| 651 | 4 | _aEurope | |
| 690 | _aPROPERTY-COMMERCIAL PROPERTY-COMMERCIAL PROPERTY MARKET | ||
| 856 | 4 | 0 |
_uhttps://www.pramericarei.com/pramerica/realestate/index.html _zView the item free of charge at www.pramericarei.com... |
| 942 | _n0 | ||
| 999 |
_c110205 _d110205 |
||